000 00243nam a2200097Ia 4500
008 170619s9999 xx 000 0 und d
100 _aRaisinghania- M D
245 0 _aOrdinary and Partial Differential Equations
260 _bS. Chand
260 _c2004
546 _aENGLISH
999 _c17257
_d17257